[Event "TCh-FIN SM 2012-13"]
[Site "Espoo FIN"]
[Date "2012.10.28"]
[Round "5.2"]
[White "Ebeling,D"]
[Black "Hartikainen,M"]
[Result "1-0"]
[WhiteElo "2350"]
[BlackElo "2341"]

1.Nf3 Nf6 2.c4 g6 3.g3 Bg7 4.Bg2 O-O 5.O-O d6 6.d4 Nc6 7.Nc3 Bf5 8.Be3 Ne4
9.Nxe4 Bxe4 10.d5 Na5 11.Bd4 c5 12.Bxg7 Kxg7 13.b3 a6 14.Qd2 b5 15.Qc3+ Kg8
16.Nd2 Bxg2 17.Kxg2 Rb8 18.h4 e5 19.dxe6 fxe6 20.Rad1 Nb7 21.h5 g5 22.Ne4 Qe7
23.Qe3 Rf5 24.g4 Rf4 25.f3 Rd8 26.Nf2 h6 27.Nh3 Rf6 28.f4 gxf4 29.Nxf4 Qf7
30.Ng6 Rd7 31.Rxf6 Qxf6 32.Rf1  1-0

[Event "7th Kavalier Open"]
[Site "Vienna AUT"]
[Date "2012.10.28"]
[Round "3.2"]
[White "Kilgus,G"]
[Black "Stanivukovic,D"]
[Result "1-0"]
[WhiteElo "2400"]
[BlackElo "2007"]

1.Nf3 Nf6 2.c4 g6 3.g3 Bg7 4.Bg2 O-O 5.O-O d6 6.d4 c6 7.Nc3 Nbd7 8.e4 e5
9.Be3 Ng4 10.Bg5 f6 11.Bc1 Nh6 12.b4 f5 13.d5 c5 14.Ng5 cxb4 15.Ne6 Qe7 16.Nxf8 Qxf8
17.Na4 b6 18.Bd2 fxe4 19.Bxb4 Ba6 20.Nb2 Nf6 21.Qa4 Bb7 22.Rae1 Nf5 23.Bxe4 Nxe4
24.Rxe4 Nd4 25.Rxd4 exd4 26.Nd3 a5 27.Ba3 Qf5 28.Nf4 Be5 29.Ne6 Qf3 30.Bxd6 Bxd5
31.cxd5 Qxd5 32.Nc7 Qxd6 33.Nxa8 d3 34.Rd1 Kg7 35.Qb5 d2 36.Nxb6  1-0

[Event "7th Deizisau Autumn"]
[Site "Deizisau GER"]
[Date "2012.10.29"]
[Round "6.2"]
[White "Schild,C GER"]
[Black "Manakov,I"]
[Result "1-0"]
[WhiteElo "2289"]
[BlackElo "2355"]

1.c4 Nf6 2.Nf3 g6 3.g3 Bg7 4.Bg2 O-O 5.O-O d5 6.cxd5 Nxd5 7.Nc3 Nb6 8.d3 Nc6
9.Bd2 e5 10.Qc1 Bg4 11.Bh6 Bxf3 12.Bxf3 Nd4 13.Bxb7 Na4 14.Re1 Bxh6 15.Qxh6 Nxc3
16.bxc3 Nf5 17.Qd2 Rb8 18.Rab1 Kg7 19.Bg2 Qd6 20.Qc2 Rb6 21.a4 Qc5 22.e3 h5
23.Rec1 Rfb8 24.Rxb6 Rxb6 25.d4 Qa3 26.dxe5 Rb2 27.Qd1 Qa2 28.Ra1 Qc4 29.Bh3 Qe4
30.e6 fxe6 31.Bxf5 Qxf5 32.Qd7+ Kh6 33.Rf1 c5 34.h4 Qe5 35.Qxa7 Qxc3 36.Qf7 c4
37.Rd1 Rd2 38.Qf4+ Kh7 39.Rxd2 Qxd2 40.Qxc4  1-0

[Event "5th Douglas Martinez"]
[Site "Guarenas VEN"]
[Date "2012.10.29"]
[Round "8.6"]
[White "Kjartansson,G"]
[Black "Aguero Jimenez,L"]
[Result "1-0"]
[WhiteElo "2385"]
[BlackElo "2436"]

1.c4 Nf6 2.Nf3 g6 3.g3 Bg7 4.Bg2 O-O 5.O-O d5 6.cxd5 Nxd5 7.Nc3 c5 8.Nxd5 Qxd5
9.d3 Nc6 10.Be3 Qd6 11.Rc1 Nd4 12.Nxd4 cxd4 13.Bf4 e5 14.Bd2 Bg4 15.h3 Be6
16.Qa4 Rfc8 17.Bxb7 Rxc1 18.Rxc1 Rb8 19.Qxa7 Bxh3 20.Bb4 Qxb4 21.Qxb8+ Bf8
22.Qc7 Bd6 23.Qc6 Qxb2 24.Bc8 Bxc8 25.Qxc8+ Kg7 26.Qc2 Qa3 27.Rb1 h5 28.Rb7 h4
29.gxh4 Qa8 30.Qb3 Qe8 31.a4 Be7 32.a5 Bxh4 33.Qxf7+  1-0

[Event "7th Kavalier Open"]
[Site "Vienna AUT"]
[Date "2012.10.29"]
[Round "4.8"]
[White "Gratze,M"]
[Black "Marschalek,Harald"]
[Result "1-0"]
[WhiteElo "1983"]
[BlackElo "1787"]

1.Nf3 Nf6 2.g3 g6 3.Bg2 Bg7 4.c4 O-O 5.d4 c5 6.O-O cxd4 7.Nxd4 Nc6 8.Nc3 Nxd4
9.Qxd4 d6 10.Qd3 Rb8 11.h3 Bd7 12.e4 Bc6 13.Be3 a6 14.Nd5 Nxd5 15.exd5 Bd7
16.Bd4 b5 17.Bxg7 Kxg7 18.Qd4+ Kg8 19.cxb5 Rxb5 20.Rfe1 Re8 21.Re3 Qc8 22.Rc3 Rc5
23.Rac1 Rxc3 24.Rxc3 Qb8 25.Re3 Qc7 26.Kh2 Qa5 27.Qa7 Qb5 28.Rb3 Qa4 29.Ra3 Qb5
30.Rxa6 Bf5 31.Qb6 Qe2 32.a4 Rc8 33.a5 Be4 34.Bxe4 Qxe4 35.Ra7 Rc1 36.g4 Rh1+
37.Kg3 Rg1+ 38.Kh4 Qf4 39.Qe3 g5+ 40.Kh5 Qf6 41.Qxg5+  1-0

[Event "Chigorin Memorial"]
[Site "St Petersburg RUS"]
[Date "2012.10.30"]
[Round "4.145"]
[White "Uyanik,Mehmet"]
[Black "Mamedov,Elm"]
[Result "0-1"]
[WhiteElo "1687"]
[BlackElo "2088"]

1.Nf3 Nf6 2.c4 g6 3.g3 Bg7 4.Bg2 O-O 5.O-O d6 6.d4 c5 7.e3 Nc6 8.Nc3 Bg4
9.h3 Bxf3 10.Bxf3 Nd7 11.dxc5 Nxc5 12.Na4 Qa5 13.Nxc5 Qxc5 14.Qe2 Ne5 15.Bxb7 Rab8
16.Ba6 Rb6 17.Bb5 a6 18.Ba4 Qxc4 19.Qxc4 Nxc4 20.Rb1 Na3 21.Ra1 Bxb2 22.Bxb2 Rxb2
23.Bb3 Rc8 24.Rac1 Rxc1 25.Rxc1 Rb1 26.Rxb1 Nxb1 27.a4 a5 28.Bc2 Nd2 29.f4 e5
30.Kf2 Nc4 31.Bd3 Nb6 32.Bb5 Kf8 33.Kf3 Ke7 34.fxe5 dxe5 35.Ke4 Ke6 36.Kf3 f5
37.g4 e4+ 38.Kg3 Ke5 39.gxf5 gxf5 40.h4 h6 41.Kf2 Nd5 42.Bc6 Nc3 43.h5 Nd5
44.Bb5 Nf6 45.Be2 Ng4+ 46.Bxg4 fxg4 47.Kg3 Kf5 48.Kh4 g3 49.Kxg3 Kg5 50.Kh3 Kxh5
51.Kg3 Kg5 52.Kh3 h5 53.Kg3 h4+ 54.Kh3 Kh5 55.Kh2 Kg4 56.Kg2 h3+  0-1

[Event "Chigorin Memorial"]
[Site "St Petersburg RUS"]
[Date "2012.10.31"]
[Round "5.71"]
[White "Khuseinkhodzhaev,M"]
[Black "Hairapetian,A"]
[Result "1-0"]
[WhiteElo "2377"]
[BlackElo "2185"]

1.Nf3 Nf6 2.c4 g6 3.g3 Bg7 4.Bg2 O-O 5.O-O d6 6.Nc3 Nc6 7.d4 a6 8.Bf4 Rb8
9.Rc1 Bg4 10.d5 Na5 11.Qa4 c5 12.dxc6 Nxc6 13.c5 e5 14.Bg5 Bxf3 15.Bxf3 Nd4
16.Ne4 d5 17.Nc3 h6 18.Bxf6 Nxf3+ 19.exf3 Qxf6 20.Nxd5 Qxf3 21.Qd1 Qe4 22.Re1 Qd4
23.b4 Rbd8 24.Qxd4 exd4 25.Nf4 Rfe8 26.Nd3 Rxe1+ 27.Rxe1 Kf8 28.Kf1 Re8 29.Rc1 Rc8
30.Ke2 Ke7 31.Nb2 b5 32.cxb6 Rxc1 33.b7 Be5 34.Nd3 Rc7 35.b8=Q Rc2+ 36.Kd1 Bxb8
37.Kxc2 Kd6 38.Nc5 a5 39.Nb7+ Kd5 40.Nxa5 Bd6 41.a3 f5 42.Kd3 g5 43.Nc4 Bc7
44.a4 h5 45.b5 f4 46.a5 fxg3 47.fxg3 h4 48.a6 Bb8 49.b6 hxg3 50.hxg3 Kc6
51.a7  1-0

[Event "Chigorin Memorial"]
[Site "St Petersburg RUS"]
[Date "2012.11.01"]
[Round "6.105"]
[White "Shchukin,D"]
[Black "Mamedov,Elm"]
[Result "1/2-1/2"]
[WhiteElo "2348"]
[BlackElo "2088"]

1.Nf3 Nf6 2.g3 g6 3.Bg2 Bg7 4.c4 O-O 5.O-O d6 6.Nc3 Nbd7 7.Rb1 e5 8.b4 Re8
9.d3 Nf8 10.Bg5 h6 11.Bxf6 Bxf6 12.b5 Bg7 13.Ne1 Ne6 14.Nc2 f5 15.a4 f4 16.a5 Rb8
17.Nb4 Bd7 18.a6 b6 19.Nc6 Bxc6 20.Bxc6 Rf8 21.Bd5 Qd7 22.e3 Kh7 23.Qg4 Nc5
24.Qxd7 Nxd7 25.Kg2 Nf6 26.h3 Nd7 27.Na2 Rbd8 28.Nb4 Nb8 29.Be4 Rd7 30.h4 h5
31.gxf4 exf4 32.Kh3 Bh6 33.Rg1 Rg7 34.Nd5 Nd7 35.exf4 Bxf4 36.Nxc7 Nc5 37.Nd5 Nxe4
38.dxe4 Bh6 39.Rbf1 Rgf7 40.Rg2 Rf3+ 41.Rg3 Rxf2 42.Rxf2 Rxf2 43.Rd3 Rc2
44.Rc3 Rd2 45.Kg3 Bg7 46.Ra3 Be5+ 47.Kf3 Rh2 48.Ra4 Rxh4 49.Nxb6 g5 50.Nd7 g4+
51.Kg2 Rh2+ 52.Kg1 Rb2 53.Nxe5 dxe5 54.c5 Rxb5 55.Rc4 Rb8 56.c6 Kg6 57.c7 Rc8
58.Rc5 Kf6 59.Kf2 Ke6 60.Kg3 Kd6 61.Rd5+ Ke6  1/2-1/2

[Event "Chigorin Memorial"]
[Site "St Petersburg RUS"]
[Date "2012.11.01"]
[Round "6.65"]
[White "Afanasiev,Nikita"]
[Black "Belousov,D"]
[Result "1/2-1/2"]
[WhiteElo "2224"]
[BlackElo "2340"]

1.c4 Nf6 2.Nf3 g6 3.g3 Bg7 4.Bg2 O-O 5.O-O d5 6.cxd5 Nxd5 7.Nc3 Nb6 8.d4 Nc6
9.d5 Nb4 10.e4 c6 11.Qb3 Na6 12.dxc6 bxc6 13.Rd1 Qc7 14.Bf4 Qb7 15.Rac1 Be6
16.Qc2 Nb4 17.Qb1 a5 18.b3 Rfd8 19.a3 Na6 20.e5 Nc5 21.b4 axb4 22.axb4 Rxd1+
23.Rxd1 Nca4 24.Nxa4 Nxa4 25.Rc1 Bd5 26.Ne1 e6 27.Nd3 Bxg2 28.Kxg2 c5+ 29.Kg1 cxb4
30.Qxb4 Qxb4 31.Nxb4 Bf8 32.Nc6 Nb6 33.Be3 Nd5 34.Bc5 Rc8 35.Bxf8 Kxf8 36.Rc2 g5
37.Nb4 Rd8 38.Rd2 Ke8 39.Rd4 Nxb4 40.Rxb4 Rd5 41.Re4 Kf8 42.h4  1/2-1/2

[Event "Chigorin Memorial"]
[Site "St Petersburg RUS"]
[Date "2012.11.04"]
[Round "9.80"]
[White "Timofeeva,Ekaterina"]
[Black "Rjanova,V"]
[Result "1-0"]
[WhiteElo "2331"]
[BlackElo "2206"]

1.Nf3 Nf6 2.c4 g6 3.g3 Bg7 4.Bg2 O-O 5.d4 d6 6.Nc3 Nc6 7.O-O a6 8.Bf4 Bd7
9.Rc1 Rb8 10.e4 Bg4 11.d5 Na5 12.b3 b5 13.cxb5 axb5 14.Qc2 Qd7 15.b4 Nc4
16.Nxb5 Qxb5 17.Qxc4 Qxb4 18.Qxb4 Rxb4 19.Nd2 Rc8 20.Rc2 Ne8 21.Rfc1 Ra8
22.Bf1 Bd7 23.Bc4 Ba4 24.Bb3 Bb5 25.Nc4 Bd4 26.Bd2 Rba4 27.Bc3 Bxc4 28.Bxa4 Rxa4
29.Bxd4 Bd3 30.Rd2 Bxe4 31.Ba1 Ra5 32.Re1 Bxd5 33.Rxe7 Kf8 34.Re1 Be6 35.Bc3 Ra3
36.Re3 Ra4 37.a3 c5 38.Rb2 d5 39.Be5 d4 40.Re1 Rxa3 41.Rb5 Rc3 42.Rb8 Ke7
43.Rb7+ Kf8 44.Bf4 Nf6 45.Bh6+ Ke8 46.Bg5 Nd7 47.Rc7 Nb6 48.Re7+ Kf8 49.Rb7 Na4
50.Bf6 Rb3 51.Ra7 Nb6 52.Be7+ Ke8 53.Bxc5 Nc8 54.Ra8 d3 55.Rxc8+ Kd7 56.Ra8  1-0

[Event "US Chess League 2012"]
[Site "ICC INT"]
[Date "2012.11.07"]
[Round "10"]
[White "Bartell,T"]
[Black "Vigorito,D"]
[Result "1-0"]
[WhiteElo "2417"]
[BlackElo "2424"]

1.Nf3 Nf6 2.c4 g6 3.g3 Bg7 4.Bg2 O-O 5.O-O Nc6 6.d4 d6 7.Nc3 a6 8.Re1 Rb8
9.Rb1 Bf5 10.e4 Bg4 11.Be3 Nd7 12.Ne2 Na5 13.Nd2 c5 14.f3 cxd4 15.Nxd4 e5
16.Nc2 Be6 17.Bf1 Qc7 18.Nb4 Nc6 19.Nd5 Bxd5 20.cxd5 Nd4 21.Rc1 Qa5 22.Bh3 Nc5
23.Bxd4 exd4 24.Nc4 Qd8 25.b4 Nd7 26.Nxd6 b5 27.f4 Nb6 28.Rc6 Qe7 29.Qb3 Kh8
30.e5 f6 31.e6 f5 32.Rec1 h5 33.Bf1 Kh7 34.Nf7 Rxf7 35.d6 Qb7 36.exf7 Nc4
37.Rc7 Qb6 38.Bxc4 bxc4 39.Qxc4 Qxd6 40.Qc5 Qe6 41.Qe7  1-0

[Event "WY BU18 2012"]
[Site "Maribor SLO"]
[Date "2012.11.08"]
[Round "1.35"]
[White "Verhelst,J"]
[Black "Liu,Chang"]
[Result "0-1"]
[WhiteElo "1987"]
[BlackElo "2336"]

1.c4 Nf6 2.g3 g6 3.Bg2 Bg7 4.Nf3 O-O 5.O-O d6 6.Nc3 Nc6 7.a3 a5 8.Rb1 d5
9.c5 d4 10.Nb5 a4 11.b4 e5 12.d3 Bd7 13.e3 Ne7 14.Nxc7 Qxc7 15.exd4 exd4
16.Nxd4 Nfd5 17.Bb2 Rad8 18.Qc2 Nf5 19.Nxf5 Bxf5 20.Bxg7 Kxg7 21.Rfd1 Nf6
22.Qxa4 Bxd3 23.Rbc1 Be4 24.Rxd8 Rxd8 25.b5 Bxg2 26.Kxg2 Qe5 27.c6 bxc6 28.bxc6 Rd2
29.c7 Qb2 30.Qc6 Rxf2+ 31.Kg1 Rg2+  0-1

[Event "Brno Open 2012"]
[Site "Brno CZE"]
[Date "2012.11.10"]
[Round "1"]
[White "Latas,B"]
[Black "Zikan,K"]
[Result "1-0"]
[WhiteElo "2276"]
[BlackElo "1829"]

1.Nf3 Nf6 2.c4 g6 3.g3 Bg7 4.Bg2 O-O 5.O-O c5 6.Nc3 Nc6 7.d4 Nxd4 8.Nxd4 cxd4
9.Qxd4 d6 10.Qh4 Rb8 11.Bg5 Qd7 12.h3 Re8 13.Qd4 b6 14.Qd2 Bb7 15.e4 a6 16.Rad1 Qe6
17.b3 Qc8 18.Rc1 Bc6 19.Nd5 Bxd5 20.cxd5 Qb7 21.Rc6 Rbc8 22.Rfc1 Rxc6 23.Rxc6 Rc8
24.Qc2 Rxc6 25.Qxc6 Qb8 26.Be3 Ne8 27.Bxb6 f5 28.exf5 gxf5 29.Bf1  1-0

[Event "WY BU16 2012"]
[Site "Maribor SLO"]
[Date "2012.11.10"]
[Round "3.22"]
[White "Ebeling,D"]
[Black "Itkin,David"]
[Result "1-0"]
[WhiteElo "2359"]
[BlackElo "2058"]

1.Nf3 Nf6 2.c4 g6 3.g3 Bg7 4.Bg2 O-O 5.d4 d6 6.O-O Nc6 7.Nc3 Bf5 8.Be3 Ng4
9.Bf4 e5 10.Bg5 f6 11.Bc1 Bd7 12.h3 exd4 13.Nxd4 Nge5 14.e3 Kh8 15.b3 f5
16.Bb2 a5 17.Nde2 Nb4 18.Nf4 a4 19.a3 Na6 20.Nxa4 Bxa4 21.Ne6 Qe7 22.Nxg7 Bc6
23.Nxf5 gxf5 24.f4 Nc5 25.fxe5 dxe5 26.Bxc6 bxc6 27.Qc2 Qg7 28.Kh2 Ne4 29.Rg1 Rg8
30.g4 Ng5 31.Qg2 Rad8 32.Rad1 Rxd1 33.Rxd1 fxg4 34.Qxg4 Qf6 35.Rf1 Qd6 36.Qf5 Qd2+
37.Rf2  1-0

[Event "WY GU18 2012"]
[Site "Maribor SLO"]
[Date "2012.11.11"]
[Round "4"]
[White "Aranaz Murillo,A"]
[Black "Matlin,A"]
[Result "1/2-1/2"]
[WhiteElo "2244"]
[BlackElo "2064"]

1.Nf3 Nf6 2.c4 g6 3.g3 Bg7 4.Bg2 O-O 5.O-O d5 6.cxd5 Nxd5 7.Nc3 Nb6 8.d4 Nc6
9.d5 Na5 10.e4 c6 11.Bf4 Nac4 12.Qb3 cxd5 13.Nxd5 Nxd5 14.exd5 Nxb2 15.Be5 Qb6
16.Bxg7 Qxb3 17.axb3 Kxg7 18.Ne5 f6 19.Rfb1 fxe5 20.Rxb2 Bg4 21.Re1 Rac8
22.h3 Bf3 23.Rxe5 Rc7 24.Rd2 Bxg2 25.Kxg2 Rf6 26.f4 Kf8 27.Kf3 Rc3+ 28.Re3 Rc7
29.Rdd3 Rd6 30.g4 Rcd7 31.Re5 e6 32.Ke4 Rxd5 33.Rexd5 Rxd5 34.Rxd5 exd5+
35.Kxd5 Ke7 36.b4 Kd7 37.f5 gxf5 38.gxf5 Ke7 39.f6+ Kxf6 40.Kd6 Kf5 41.Kc7 b5
42.Kc6 Ke4 43.Kxb5 Kd5 44.h4 h5 45.Ka6 Kc4 46.Kxa7 Kxb4 47.Kb6 Kc4 48.Ka5 Kd4
49.Kb4 Ke4 50.Kc3 Ke3 51.Kc2 Kf3 52.Kd2 Kg3 53.Ke2 Kxh4 54.Kf2 Kh3  1/2-1/2

[Event "FSIM Nov 2012"]
[Site "Budapest HUN"]
[Date "2012.11.12"]
[Round "9.1"]
[White "Kojima,S"]
[Black "Hou,Qiang"]
[Result "1-0"]
[WhiteElo "2339"]
[BlackElo "2289"]

1.Nf3 Nf6 2.c4 g6 3.g3 Bg7 4.Bg2 O-O 5.O-O d6 6.d4 Nc6 7.Nc3 a6 8.h3 Rb8
9.e4 b5 10.cxb5 axb5 11.Re1 b4 12.Nd5 Nxd5 13.exd5 Na5 14.Bg5 Bf6 15.Bxf6 exf6
16.Rc1 Bd7 17.b3 f5 18.Qd2 Kg7 19.Rc2 Rb7 20.Rec1 Re8 21.Ne1 Re7 22.Nd3 Qb8
23.h4 Be8 24.h5 h6 25.hxg6 fxg6 26.Nf4 Bf7 27.Ne6+ Bxe6 28.dxe6 Ra7 29.d5 Qb6
30.Bf3 Ra8 31.Kg2 Rf8 32.Rh1 g5 33.Rcc1 Rf6 34.Rxh6 Kxh6 35.Rh1+ Kg6 36.Bh5+ Kh7
37.Bf7+ Rh6 38.Qxg5  1-0

[Event "11th Kheireddine Ameyar Mem 2012"]
[Site "Algiers ALG"]
[Date "2012.11.16"]
[Round "1.5"]
[White "Shoker,S"]
[Black "Salhi,Nouressadat"]
[Result "1-0"]
[WhiteElo "2493"]
[BlackElo "2044"]

1.c4 Nf6 2.Nf3 g6 3.g3 Bg7 4.Bg2 O-O 5.O-O c5 6.Nc3 d6 7.a3 Nc6 8.Rb1 Bf5
9.d3 Qd7 10.Re1 Bh3 11.Bh1 Nd4 12.Ng5 Bf5 13.e3 Ne6 14.Nge4 Bxe4 15.Nxe4 Nxe4
16.Bxe4 Rab8 17.b4 b5 18.cxb5 Rxb5 19.Bd2 Rbb8 20.h4 d5 21.Bg2 c4 22.dxc4 dxc4
23.Qc2 c3 24.Bxc3 Rbc8 25.Qd2 Qxd2 26.Bxd2 Rfd8 27.Rbc1 Rxc1 28.Bxc1 Bc3
29.Rf1 Rd6 30.Bf3 Kg7 31.Rd1 Rxd1+ 32.Bxd1 f5 33.Kf1 Kf6 34.Ke2 Ke5 35.Kd3 Be1
36.Bb2+  1-0

[Event "WY GU18 2012"]
[Site "Maribor SLO"]
[Date "2012.11.17"]
[Round "10.7"]
[White "Aranaz Murillo,A"]
[Black "Qiu,Mengjie"]
[Result "1/2-1/2"]
[WhiteElo "2244"]
[BlackElo "2069"]

1.Nf3 Nf6 2.c4 g6 3.g3 Bg7 4.Bg2 O-O 5.O-O c6 6.b3 d5 7.Bb2 Nbd7 8.d4 b6
9.Re1 Bb7 10.Nc3 Rc8 11.Rb1 Ba6 12.Nd2 e6 13.Ba3 Re8 14.Rc1 e5 15.dxe5 Nxe5
16.cxd5 cxd5 17.Nf3 Nxf3+ 18.Bxf3 d4 19.Na4 Ne4 20.Rxc8 Qxc8 21.Qc1 Nc3 22.Qd2 Nxa4
23.bxa4 Qc3 24.Bb4 Qxd2 25.Bxd2 Rc8 26.a5 Rc2 27.axb6 axb6 28.Bb4 Rxa2 29.Bd5 Ra4
30.Bd6 Bc4 31.Bxc4 Rxc4 32.Ra1 h5 33.Ra8+ Kh7 34.Rb8 Rc6 35.Bf4 Bf6 36.h4 Re6
37.Kg2 Be7 38.Rb7 Rxe2 39.Rxb6 d3 40.Rb7 Kg7 41.Be3 d2 42.Bxd2 Bc5 43.Bc3+ Kf8
44.Rb2  1/2-1/2

[Event "22nd World Seniors Open"]
[Site "Kamena Vourla GRE"]
[Date "2012.11.24"]
[Round "11.11"]
[White "Skalkotas,N"]
[Black "Timoscenko,G"]
[Result "1/2-1/2"]
[WhiteElo "2177"]
[BlackElo "2490"]

1.c4 Nf6 2.Nf3 g6 3.g3 Bg7 4.Bg2 O-O 5.O-O d5 6.d4 dxc4 7.Na3 c3 8.bxc3 c5
9.Nc4 Nc6 10.e3 Nd5 11.Qb3 Nb6 12.dxc5 Nxc4 13.Qxc4 Be6 14.Qh4 Qd7 15.Ng5 h6
16.Nxe6 Qxe6 17.Rb1 Rab8 18.c4 Qe5 19.Bb2 Qxc5 20.Bxg7 Kxg7 21.Rb5 Qd6 22.Rfb1 Rfd8
23.c5 Qc7 24.Qf4 e5 25.Qc4 Rdc8 26.Qb3 Qe7 27.Bxc6 Rxc6 28.Rxb7 Rxb7 29.Qxb7 Qxc5
30.Qb2 Rb6 31.Qc1 Qxc1+ 32.Rxc1 Ra6 33.Rc2 e4 34.Rc4 Rxa2 35.Rxe4 a5 36.g4 Rb2
37.Re5 a4 38.Ra5 Rb4 39.f4 g5 40.fxg5 Rxg4+ 41.Kf2 hxg5 42.h3 Rb4 43.Rxg5+ Kh6
44.Ra5 Kg6 45.Kg3 f5 46.Ra6+ Kg5 47.Kf3 Re4 48.Kf2  1/2-1/2

[Event "9th Vasylyshyn Mem IM"]
[Site "Lviv UKR"]
[Date "2012.11.24"]
[Round "5"]
[White "Nester,I"]
[Black "Gavrish,L"]
[Result "1-0"]
[WhiteElo "2328"]
[BlackElo "2138"]

1.Nf3 Nf6 2.c4 g6 3.g3 Bg7 4.Bg2 O-O 5.O-O d6 6.d4 Nbd7 7.Nc3 e5 8.e4 c6
9.h3 Qb6 10.c5 dxc5 11.dxe5 Ne8 12.e6 fxe6 13.Ng5 Ne5 14.f4 c4+ 15.Kh2 Nd3
16.e5 Bd7 17.b3 Qd4 18.Qd2 Rd8 19.Ba3 Bc8 20.Be7 Nc7 21.Nf3 Qb6 22.Bxd8 Rxd8
23.bxc4 Na6 24.Rfd1 Rd7 25.Nd5 cxd5 26.Qxd3 Nc5 27.Qd4 Qa5 28.cxd5 Rxd5 29.Qc4 b5
30.Qc2 Rxd1 31.Rxd1 Bf8 32.Ng5 Qb6 33.Ne4 Ba6 34.Nxc5 Bxc5 35.Qe4 Bc8 36.Qc6 Ba6
37.Qe8+  1-0

[Event "ch-Commonwealth 2012"]
[Site "Chennai IND"]
[Date "2012.11.26"]
[Round "6"]
[White "Shantharam,K"]
[Black "Siddharth,R"]
[Result "0-1"]
[WhiteElo "2100"]
[BlackElo "2381"]

1.Nf3 Nf6 2.c4 g6 3.g3 Bg7 4.Bg2 O-O 5.O-O c6 6.d4 d6 7.Nc3 Qa5 8.h3 Be6
9.d5 cxd5 10.Nd4 dxc4 11.Nxe6 fxe6 12.Bxb7 Nbd7 13.Bxa8 Rxa8 14.Bd2 d5 15.b3 d4
16.Ne4 c3 17.Nxf6+ Bxf6 18.Be1 Rc8 19.g4 Qd5 20.Rc1 Ne5 21.f3 g5 22.Bg3 d3
23.Bxe5 Qxe5 24.Qxd3 Qg3+ 25.Kh1 Qxh3+ 26.Kg1 Qg3+ 27.Kh1 Be5 28.f4 Qh4+
29.Kg2 Qxg4+ 30.Qg3 Qxg3+ 31.Kxg3 Bxf4+ 32.Rxf4 gxf4+ 33.Kxf4 c2 34.b4 Kf7
35.e4 Ke8 36.a4 Kd7 37.b5 Rc5 38.Ke3 e5 39.Kd3 h5  0-1

[Event "CCSCSL IM Inv"]
[Site "Saint Louis USA"]
[Date "2012.11.26"]
[Round "2.1"]
[White "Bartell,T"]
[Black "Agrest,I"]
[Result "1-0"]
[WhiteElo "2418"]
[BlackElo "2176"]

1.Nf3 Nf6 2.c4 g6 3.g3 Bg7 4.Bg2 O-O 5.O-O d6 6.d4 c6 7.Nc3 Qa5 8.e4 e5 9.h3 Nbd7
10.Be3 exd4 11.Nxd4 Ne5 12.Qe2 c5 13.Ndb5 Be6 14.Nd5 Nxd5 15.exd5 Bf5 16.Rfd1 Qb6
17.a4 a6 18.a5 Qd8 19.Nc3 Re8 20.g4 Bc8 21.Qf1 f5 22.g5 Nf7 23.Re1 Bd7 24.f4 b6
25.axb6 Qxb6 26.Qd3 Qxb2 27.Bd2 Qb6 28.Reb1 Qd8 29.Bf3 Bc8 30.Kg2 Ra7 31.Rb8 Qc7
32.Rab1 Bd7 33.Rxe8+ Bxe8 34.h4 Rb7 35.Re1 Qd8 36.h5 Rb2 37.h6 Bd4 38.Ne2 Rxd2
39.Qxd2 Bh8 40.Nc1 Bd7 41.Nb3 Kf8 42.Na5 Qb6 43.Qe3 Qd8 44.Nc6 Qe8 45.Qd2 Qc8
46.Rb1 Bxc6 47.dxc6 Bd4 48.Qa5  1-0

[Event "9th Vasylyshyn Mem IM"]
[Site "Lviv UKR"]
[Date "2012.11.27"]
[Round "8"]
[White "Nester,I"]
[Black "Biriukov,N"]
[Result "1/2-1/2"]
[WhiteElo "2328"]
[BlackElo "2402"]

1.Nf3 Nf6 2.c4 g6 3.g3 Bg7 4.Bg2 O-O 5.O-O d6 6.d4 Nc6 7.Nc3 a6 8.h3 Bd7
9.e4 e5 10.Be3 h6 11.Qd2 Kh7  1/2-1/2

[Event "62nd ch-GRE 2012"]
[Site "Athens GRE"]
[Date "2012.11.28"]
[Round "5"]
[White "Nikolaou,G"]
[Black "Filippas,S"]
[Result "0-1"]
[WhiteElo "2232"]
[BlackElo "2310"]

1.Nf3 Nf6 2.c4 g6 3.g3 Bg7 4.Bg2 O-O 5.O-O d5 6.d4 dxc4 7.Ne5 c5 8.dxc5 Qc7
9.Nxc4 Qxc5 10.Ne3 Nc6 11.Nd2 Rd8 12.Nb3 Qh5 13.Qc2 Be6 14.Bf3 Qb5 15.Qc5 Qa6
16.Qa3 Qb5 17.Qc5 Qb6 18.Nc2 Nd7 19.Qxb6 axb6 20.Be3 Bxb2 21.Rab1 Bf6 22.Ncd4 Nxd4
23.Nxd4 Bxa2 24.Rb4 Nc5 25.Nc2 Ra6 26.Bf4 Bc3 27.Rb5 Bc4 28.Rbb1 e5 29.Bg5 Rd7
30.Ne3 Be6 31.Rfd1 Rxd1+ 32.Rxd1 Ra1 33.Rxa1 Bxa1 34.Bd8 e4 35.Bg2 f5 36.Bxb6 Na4
37.Ba7 b5 38.f3 b4 39.fxe4 b3 40.exf5 gxf5 41.Nxf5 Nc3 42.Nh6+ Kg7  0-1

[Event "22nd TCh-SLO 2012"]
[Site "Slovenia SLO"]
[Date "2012.11.30"]
[Round "4"]
[White "Dizdar,G"]
[Black "Markus,Rob"]
[Result "0-1"]
[WhiteElo "2499"]
[BlackElo "2619"]

1.Nf3 Nf6 2.g3 g6 3.Bg2 Bg7 4.c4 O-O 5.d4 d6 6.O-O c6 7.Nc3 Qa5 8.e4 e5 9.h3 Nbd7
10.Re1 exd4 11.Nxd4 Re8 12.Be3 Ne5 13.Bf1 Be6 14.Nxe6 Rxe6 15.Kg2 Ned7 16.Qd2 Rae8
17.f3 h5 18.h4 Ne5 19.Rac1 Nfd7 20.b3 Nc5 21.Red1 f5 22.Bxc5 Qxc5 23.Nd5 fxe4
24.b4 Qg1+ 25.Kxg1 Nxf3+ 26.Kh1 Nxd2 27.Nc7 e3 28.Bh3 R6e7 29.Nxe8 Rxe8 30.Re1 Nf3
31.Re2 Nd4 32.Ree1 e2 33.Rc3 Bh6 34.Rd3  0-1

[Event "XXVI Belgrade Trophy 2012"]
[Site "Belgrade SRB"]
[Date "2012.12.01"]
[Round "8.27"]
[White "Sorgic,D"]
[Black "Stefanovic,M"]
[Result "1-0"]
[WhiteElo "2247"]
[BlackElo "2069"]

1.Nf3 Nf6 2.g3 g6 3.Bg2 Bg7 4.c4 O-O 5.O-O d6 6.d4 Nbd7 7.Nc3 e5 8.h3 Re8
9.dxe5 dxe5 10.Be3 c6 11.Qb3 Qe7 12.Rfd1 Nf8 13.Qa4 h6 14.b4 Qc7 15.Bc5 Re6
16.Rac1 N8d7 17.Be3 Re8 18.Nd2 Bf8 19.c5 Re6 20.Nc4 Qb8 21.Qb3 b6 22.cxb6 axb6
23.h4 Ra7 24.Bh3 Re8 25.a4 Ra6 26.h5 g5 27.Bg2 c5 28.b5 Ra7 29.Bc6 Rc7 30.Nd6 Re6
31.Nxc8 Qxc8 32.Nd5 Nxd5 33.Bxd5 Re7 34.a5 bxa5 35.b6 c4 36.Qb1 Rc5 37.b7 Qb8
38.Bxc5 Nxc5 39.Qg6+ Bg7 40.Qc6 Rc7 41.Qb5 Nxb7 42.Rxc4  1-0

[Event "FSIM December 2012"]
[Site "Budapest HUN"]
[Date "2012.12.03"]
[Round "2.3"]
[White "Szalanczy,E"]
[Black "Hou,Qiang"]
[Result "0-1"]
[WhiteElo "2259"]
[BlackElo "2345"]

1.c3 Nf6 2.c4 g6 3.g3 Bg7 4.Bg2 O-O 5.Nf3 d6 6.O-O Nc6 7.Nc3 e5 8.d3 h6 9.Rb1 a5
10.a3 Be6 11.b4 axb4 12.axb4 Qd7 13.b5 Ne7 14.Bb2 Bh3 15.Bh1 Bxf1 16.Qxf1 Nh5
17.Nd2 c6 18.Bf3 Nf6 19.h4 Nh7 20.Kh2 f5 21.e4 Nf6 22.Qh3 Qe8 23.exf5 Nxf5
24.Nce4 cxb5 25.g4 Nxe4 26.Nxe4 Nxh4 27.Bh1 Qe7 28.Bc1 g5 29.Rxb5 Ra1 30.Be3 Rd1
31.Rb3 Qd7 32.Nc3 Rxd3 33.Rxb7 Qc8 34.Ne4 Qxc4 35.Qf1 d5 36.Nd6 Qc2 37.Rb2 Qc3
38.Qb1 e4 39.Rc2 Qe5+  0-1

[Event "5th Kolkata Open"]
[Site "Kolkata IND"]
[Date "2012.12.04"]
[Round "2"]
[White "Ghosh,D"]
[Black "Paragua,M"]
[Result "0-1"]
[WhiteElo "2425"]
[BlackElo "2533"]

1.Nf3 Nf6 2.c4 g6 3.g3 Bg7 4.Bg2 O-O 5.O-O c6 6.b3 d6 7.Bb2 Qa5 8.d3 Qh5
9.Nbd2 Bh3 10.e3 Bxg2 11.Kxg2 Qa5 12.Qc2 Nbd7 13.a3 c5 14.Bc3 Qc7 15.Qb2 Rab8
16.Rab1 a6 17.Rfc1 e5 18.b4 b6 19.bxc5 Nxc5 20.Qc2 Nfd7 21.Bb4 Qc6 22.Kg1 Ne6
23.Bc3 Rfc8 24.Qa2 Nec5 25.Ne1 Nf6 26.Ba1 Re8 27.Rd1 b5 28.Rdc1 Qa8 29.d4 Nce4
30.Nef3 Ng4 31.Nxe4 Qxe4 32.Nd2 Qf5 33.Nf1 bxc4 34.Rxb8 Rxb8 35.h3 Nf6 36.dxe5 Ne4
37.Rxc4 d5 38.Rc1 Bxe5 39.Bxe5 Qxe5 40.Rb1 Rc8 41.Re1 Ng5 42.Nh2 Qe4 43.f3 Nxh3+
44.Kh1 Qc2 45.Qxc2 Rxc2 46.Ng4 Nf2+ 47.Nxf2 Rxf2 48.f4 Ra2 49.Rd1 Rxa3 50.Rxd5 Rxe3
51.Kg2 Kg7 52.Rd7 h5 53.Ra7 Ra3  0-1

[Event "4th London Classic Open"]
[Site "London ENG"]
[Date "2012.12.05"]
[Round "5"]
[White "Caoili,A"]
[Black "Cherniaev,A1"]
[Result "1-0"]
[WhiteElo "2202"]
[BlackElo "2460"]

1.Nf3 Nf6 2.g3 g6 3.Bg2 Bg7 4.c4 O-O 5.Nc3 d6 6.d4 Nc6 7.O-O Rb8 8.Bf4 Nh5
9.Bg5 h6 10.Be3 a6 11.Rc1 Nf6 12.h3 Kh7 13.b3 e6 14.g4 Qe7 15.d5 Nd8 16.g5 Nh5
17.gxh6 Bxh6 18.Bxh6 Kxh6 19.Qd2+ Kg7 20.Qd4+ Nf6 21.Qa7 Nd7 22.dxe6 Nxe6
23.Nd5 Qd8 24.Qe3 c6 25.Nf4 Nxf4 26.Qxf4 Qf6 27.Qg3 Nc5 28.Ng5 Bf5 29.e4 Ne6
30.h4 Nd4 31.Rce1 Bd7 32.f4 Rbe8 33.f5 Kh8 34.fxg6 Qxg6 35.Nxf7+ Kg7 36.Qxg6+ Kxg6
37.Nxd6 Rb8 38.e5 b6 39.Re4 Rxf1+ 40.Bxf1 c5 41.Rf4 Kh5 42.Ne4 Be6 43.Ng3+ Kh6
44.Rf6+  1-0

[Event "London Classic Women Inv"]
[Site "London ENG"]
[Date "2012.12.06"]
[Round "6"]
[White "Owens,M"]
[Black "Kalaiyalahan,Akshaya"]
[Result "1/2-1/2"]
[WhiteElo "1847"]
[BlackElo "1750"]

1.c4 Nf6 2.Nf3 g6 3.g3 Bg7 4.Bg2 O-O 5.d4 d6 6.Nc3 Nbd7 7.O-O e5 8.e4 exd4
9.Nxd4 Re8 10.Re1 Ne5 11.b3 Nfd7 12.f4 Nc6 13.Be3 a5 14.Nxc6 bxc6 15.Bd4 Bxd4+
16.Qxd4 c5 17.Qd2 Bb7 18.Rad1 Nb6 19.e5 Bxg2 20.Qxg2 Qc8 21.Ne4 Re6 22.Nf6+ Kg7
23.Qb2 dxe5 24.fxe5 h6 25.Qf2 a4 26.Qxc5 axb3 27.axb3 Ra2 28.Ra1 Rxa1 29.Rxa1 Nd7
30.Nxd7 Qxd7 31.Ra8 Qd1+ 32.Kf2 Qd2+  1/2-1/2